000 00533nam a2200169Ia 4500
999 _c36114
_d36114
003 OSt
005 20201216115749.0
008 190216s9999||||xx |||||||||||||| ||und||
040 _coclc
082 _a378
_bUNI/U
100 _aUniversity Grants Commission
_97373
245 0 _aUniversity Grants Commission Annual Report 1988-89 /
_cUniversity Grants Commission
260 _bUniversity Grants Commission.
_aNew Delhi:
300 _a173p
650 _aReferences
942 _cREF
_2ddc
_h378
_iUNI/U
_k378
_mUNI/U